Chemoreception in fishes /

Bibliographic Details
Other Authors: Hara, Toshiaki J.
Format: Book
Language:English
Published: Amsterdam ; New York : Elsevier Scientific Pub. Co., 1982.
Series:Developments in aquaculture and fisheries science ; 8.
Subjects:

MARC

Tag First Indicator Second Indicator Subfields
LEADER 00000pam a2200000 a 4500
001 in00000081993
005 20151008055444.0
008 811014s1982 ne a b 00100 eng
010 |a  81017313  
020 |a 0444420401 :  |c fl 180.00 (est.) 
035 |a (OCoLC)07924755 
035 |9 AAJ3512AM 
039 0 |a 2  |b 3  |c 3  |d 3  |e 3 
040 |a DLC  |c DLC  |d TXA  |d UtOrBLW 
049 |a TXAM  |c [1361797] 
050 0 0 |a QL639.1  |b .C48 
082 0 |a 597/.01/826  |2 19 
245 0 0 |a Chemoreception in fishes /  |c edited by Toshiaki J. Hara. 
264 1 |a Amsterdam ;  |a New York :  |b Elsevier Scientific Pub. Co.,  |c 1982. 
300 |a x, 433 pages :  |b illustrations ;  |c 25 cm. 
336 |a text  |b txt  |2 rdacontent 
337 |a unmediated  |b n  |2 rdamedia 
338 |a volume  |b nc  |2 rdacarrier 
490 1 |a Developments in aquaculture and fisheries science ;  |v 8 
504 |a Includes bibliographies and index. 
650 0 |a Chemoreceptors. 
650 0 |a Fishes  |x Physiology. 
650 0 |a Fishes  |x Behavior. 
700 1 |a Hara, Toshiaki J. 
830 0 |a Developments in aquaculture and fisheries science ;  |v 8. 
999 |a MARS 
999 f f |s b76c7964-1bf5-309d-806f-50ba7aa3555d  |i 490b4fbc-f15f-3e74-b1f3-0484cb24a84c  |t 0 
952 f f |p ric  |a Texas A&M University  |b Rellis Campus  |c Joint Library Facility  |d Remote Storage  |t 0  |e QL639.1 .C48  |h Library of Congress classification  |i unmediated -- volume  |m A14806221504 
998 f f |a QL639.1 .C48  |t 0  |l Remote Storage